LEADER 00902nam0 2200301 450 001 9910286059203321 005 20181010163734.0 010 $a9781905319688 100 $a20181010d2016----km y0itay50 ba 101 0 $aeng 105 $a 001yy 200 1 $aCanine and feline fracture repair and management$fToby Gemmill, Dylan Clements 205 $a2. edizione 210 $aGloucester$cBritish Small Animal Veterinary Association$d2016 215 $aVIII, 408 p.$cill.$d29 225 1 $aBSAVA manuals 454 0$12001 610 0 $aChirurgia veterinaria 676 $a636.0897$v22$zita 702 1$aGemmill,$bToby J. 702 1$aClements,$bDylan N. 801 0$aIT$bUNINA$gREICAT$2UNIMARC 901 $aBK 912 $a9910286059203321 952 $a0897 GEM 1$b300$fFMVBC 959 $aFMVBC 996 $aCanine and feline fracture repair and management$91533626 997 $aUNINA LEADER 01704nam 2200517I 450 001 9910702410203321 005 20140820123635.0 035 $a(CKB)5470000002428071 035 $a(OCoLC)888051672 035 $a(EXLCZ)995470000002428071 100 $a20140820j201312 ua 0 101 0 $aeng 135 $aurcn||||||||| 181 $ctxt$2rdacontent 182 $cc$2rdamedia 183 $acr$2rdacarrier 200 10$aSources and transportation of bulk, low-cost lunar simulants materials /$fD.L. Rickman 210 1$aHuntsville, Alabama :$cNational Aeronautics and Space Administration, Marshall Space Flight Center,$dDecember 2013. 215 $a1 online resource (x, 65 pages) $ccolor illustrations 225 1 $aNASA/TM ;$v2013-217497 300 $aTitle from title screen (viewed Aug. 20, 2014). 300 $a"December 2013." 320 $aIncludes bibliographical references (pages 63-65). 606 $aLunar soil$2nasat 606 $aLunar rocks$2nasat 606 $aTransportation$2nasat 606 $aMinerals$2nasat 606 $aVolcanoes$2nasat 606 $aAshes$2nasat 606 $aCosts$2nasat 615 7$aLunar soil. 615 7$aLunar rocks. 615 7$aTransportation. 615 7$aMinerals. 615 7$aVolcanoes. 615 7$aAshes. 615 7$aCosts. 700 $aRickman$b D. L.$01389236 712 02$aGeorge C. Marshall Space Flight Center, 712 02$aUnited States.$bNational Aeronautics and Space Administration, 801 0$bGPO 801 1$bGPO 906 $aBOOK 912 $a9910702410203321 996 $aSources and transportation of bulk, low-cost lunar simulants materials$93549634 997 $aUNINA